00409cam a2200157ua 45000010005000000080039000050400009000440820013000531000027000662450048000932500009001412600044001503000016001946530018002106530023002283884111208n ii |||gr||||Z||||||asm cMAIN a891.4511 aSarmah, Bibhuti Kumar,11aKncha matir gundhacby Bibhuti Kumar Sarmah a1st. aDuliajan:bBhaskar jyoti sarmah,c2002. a58p:c23cm. aAssamese poem aKncha matir gundha